|
|
|
|
| LEADER |
00000nab a2200000 a 4500 |
| 001 |
vtls001033747 |
| 003 |
SK-MaSNL |
| 005 |
20260304134307.0 |
| 008 |
250505c2004 xo mr|p|||||||000 b|slo |
| 015 |
|
|
|a SNBRB2004/12
|2 snkbucl
|
| 035 |
|
|
|a (uuid)bbee1ce6-b252-4130-9b13-e6bb2689fa8c
|
| 035 |
|
|
|a urn:nbn:sk:snk-abf4f2
|
| 035 |
|
|
|a (urnnbn)urn:nbn:sk:snk:ar-004yvq
|
| 038 |
|
|
|a SNKBUCL
|
| 040 |
|
|
|a SNKBUCL
|b slo
|c SNKBUCL
|e AACR2
|
| 041 |
0 |
|
|a slo
|
| 044 |
|
|
|a xo
|c SK
|
| 080 |
|
|
|a 82.09:821.162.4-1
|x (048)
|2 1997
|
| 080 |
|
|
|a 821.162.4-1.09
|x (048)
|2 1997
|
| 080 |
|
|
|a 82:929:821.162.4
|x (048)
|2 1997
|
| 080 |
|
|
|a 821.162.4:929
|x (048)
|2 1997
|
| 100 |
1 |
|
|a Pácalová, Jana,
|d 1979-
|4 aut
|9 22243
|
| 245 |
1 |
0 |
|a Chrobáková-Repar, Stanislava: Mila Haugová
|c Jana Pácalová
|
| 600 |
1 |
7 |
|a Haugová, Mila,
|d 1942-
|2 snkbucl
|9 90543
|
| 650 |
0 |
7 |
|a básnická tvorba
|2 SNKPH
|9 360568
|
| 655 |
|
7 |
|a monografie
|2 snkbucl
|9 70139
|
| 655 |
|
7 |
|a recenzie
|2 snkbucl
|9 21907
|
| 773 |
0 |
|
|t Slovenská literatúra
|g Roč. LI, č. 2 (2004), s. 160-162
|x 0037-6973
|
| 787 |
0 |
8 |
|i Rec.:
|a Chrobáková, Stanislava, 1960-
|t Mila Haugová
|d Bratislava : Kalligram, 2002
|z 8071494836
|
| 850 |
|
|
|a Slovenská národná knižnica
|
| 852 |
|
|
|a Slovenská národná knižnica
|
| 954 |
|
|
|a odborná, vedecká literatúra pôvodná (slovenská)
|2 lita
|
| 958 |
|
|
|a article27
|
| 958 |
|
|
|a RC
|
| 958 |
|
|
|a LX
|
| 958 |
|
|
|a OND
|
| 958 |
|
|
|a EUIPO
|
| 999 |
|
|
|c 2906151
|d 2908081
|